|
|
|
|
| LEADER |
00795nam a22002531a 4500 |
| 001 |
2614 |
| 003 |
BD-DhAAL |
| 008 |
150922s1965 en 00 eng d |
| 010 |
|
|
|a 66002864
|
| 020 |
|
|
|a 9848245006
|
| 040 |
|
|
|a UKM
|c EQF
|d BD-DhAAL
|
| 050 |
|
|
|a GN330
|b .M3
|
| 082 |
|
|
|a 572
|
| 100 |
1 |
|
|a Jha, Makhan,
|9 15004
|
| 245 |
0 |
3 |
|a An introduction to social anthropology
|c [by] Makhan Jha.
|
| 260 |
|
|
|a Oxford
|b Clarendon Press
|c 1965.
|
| 300 |
|
|
|a viii, 168 p
|c 21 cm.
|
| 504 |
|
|
|a Includes bibliographical references.
|
| 541 |
|
|
|e 2614
|
| 650 |
|
0 |
|a Ethnology.
|9 15005
|
| 740 |
0 |
1 |
|a Social anthropology.
|
| 942 |
|
|
|2 ddc
|c BK
|
| 999 |
|
|
|c 35651
|d 35651
|
| 952 |
|
|
|0 0
|1 0
|2 ddc
|4 0
|6 572_000000000000000_JHA
|7 0
|9 56063
|a SCL
|b SCL
|c GEN
|d 2015-09-22
|g 290.00
|l 0
|o 572 JHA
|p 3020002614
|r 2015-09-22
|t 1
|w 2015-09-22
|y BK
|